| 000 | 00689nam a2200229 a 4500 | ||
|---|---|---|---|
| 999 |
_c10817 _d10817 |
||
| 001 | 10817 | ||
| 003 | BD-JhCC | ||
| 005 | 20190428102823.0 | ||
| 008 | 171012s2010 bg a|||| ||a| 000 0 ben d | ||
| 020 | _a9847015401118 | ||
| 035 | _a(BD-JhCC)10817 | ||
| 040 |
_aBD-JhCC _dBD-JhCC |
||
| 041 | _aben | ||
| 082 |
_a891.443 _bOLI 2010 |
||
| 100 | _aওয়ালীউল্লাহ, সৈয়দ | ||
| 245 |
_aলালসালু / _cসৈয়দ ওয়ালীউল্লাহ; |
||
| 260 |
_aঢাকা : _bজয় প্রকাশন, _c২০১০. |
||
| 300 |
_a95 p. : _c21 cm. |
||
| 650 |
_aBengali Novel _xLiterature |
||
| 942 |
_2ddc _cBK |
||